Manual ACSM para la valoración y prescripción del ejercicio (Registro nro. 51120)

Detalles MARC
000 -ENCABEZADO
Número de control [NR] 01064nam a2200277Ia 4500
005 - FECHA Y HORA DE LA ÚLTIMA TRANSACCIÓN
control field 20211105120503.0
008 - DE LONGITUD FIJA DE DATOS DE ELEMENTOS - INFORMACIÓN GENERAL
Elementos de longitud fija [NR] 130821s2005 sp a gr spa
020 ## - NUMERO INTERNACIONAL NORMALIZADO PARA LIBROS [R]
Número Internacional Normalizado del libro [NR] 8480194278
040 ## - FUENTE DE CATALOGACION [NR]
Agencia de catalogación original [NR] CO-BoUCM
Idioma de catalogación [NR] spa
Quien Cataloga Jose A. Gerena (modificó)
Quien Clasifica [Nuevo]
041 10 - CODIGO DE IDIOMA [R]
Código de idioma para texto/pista de sonido o título separado [R] Español
060 ## - SIGNATURA TOPOGRAFICA DE LA BIBLIOTECA NACIONAL DE MEDICINA (NLM) [R]
Número clasificador [R] QT 260
110 1# - ASIENTO PRINCIPAL--NOMBRE CORPORATIVO [NR]
Nombre corporativo o de jurisdicción como elemento de entrada [NR] American College of Sports Medicine
ID de autoridad 32390
245 10 - MENCION DE TITULO [NR]
Título [NR] Manual ACSM para la valoración y prescripción del ejercicio
Mención de responsabilidad, etc. [NR] American College of Sports Medicine; traducción de Pedro González del Campo Roman
250 ## - MENCION DE EDICION [NR]
Mención de edición [NR] 2a ed
260 ## - PUBLICACION, DISTRIBUCION, ETC. (PIE DE IMPRENTA) [R]
Lugar de publicación, distribución, etc. [R] Barcelona (España)
Nombre del editor, distribuidor, etc. [R] Paidotribo
Fecha de publicación, distribución, etc. [R] 2005
300 ## - DESCRIPCION FISICA [R]
Extensión [R] 412 páginas
Otros detalles físicos [NR] tablas, cuadros
490 ## - MENCION DE SERIE [R]
Mención de serie [R] Colección Medicina Deportiva
650 07 - ASIENTO SECUNDARIO DE MATERIA - TERMINO TEMATICO [R]
Término temático o nombre geográfico como elemento de entrada [NR] Ejercicio
Subdivisión general [R] Valoración
9 (RLIN) 13933
650 07 - ASIENTO SECUNDARIO DE MATERIA - TERMINO TEMATICO [R]
Término temático o nombre geográfico como elemento de entrada [NR] Medicina deportiva
9 (RLIN) 19146
650 07 - ASIENTO SECUNDARIO DE MATERIA - TERMINO TEMATICO [R]
Término temático o nombre geográfico como elemento de entrada [NR] Actividad física
9 (RLIN) 8428
650 07 - ASIENTO SECUNDARIO DE MATERIA - TERMINO TEMATICO [R]
Término temático o nombre geográfico como elemento de entrada [NR] Esfuerzo físico
9 (RLIN) 14864
690 ## - ASUNTO AGREGADO LOCAL DE ENTRADA - TÉRMINO TEMÁTICO (OCLC, RLIN)
Acceso temático local Medicina deportiva
9 (RLIN) 19146
700 1# - ASIENTO SECUNDARIO - NOMBRE PERSONAL [R]
Nombre personal [NR] González del Campo Roman, Pedro
9 (RLIN) 67046
765 2# - ASIENTO DE IDIOMA ORIGINAL [R]
Asiento principal [NR] ACSM's Guidelines for exercise testing and prescription
942 ## - ELEMENTOS DE ENTRADA AGREGADOS (KOHA)
Tipo de ítem principal el descrito en 300a Libro
Tema principal Ciencias de la salud
Edición 2
Parte restante de la signatura top. A512m
Sistema de clasificación NLM
Clasificación QT 260
Título oculto en OPAC No
Existencias
Fecha de último préstamo Total préstamos Total Renewals Signatura topográfica Código de barras Última vez visto Volúmen / Fascículo Ejemplar Price effective from Tipo de ítem Perdido Sistema de clasificación Dañado No prestable Tipo de ítem específico Suprimido Ubicación habitual Ubicación actual Localización Fecha de creación Forma de adquisición Costo Costo de reposición Proveedor
25/02/2026 308 92 QT 260 A512m 200016324 18/03/2026 2a.Ed. Ej.4 03/02/2013 Libro   NLM     Libro   Quinta de Mutis Quinta de Mutis 1er piso 30/09/2008 Compra 115000.00    
25/04/2025 311 83 QT 260 A512m 200016323 11/12/2025 2a.Ed. Ej.3 03/02/2013 Libro   NLM     Libro   Quinta de Mutis Quinta de Mutis 1er piso 30/09/2008 Compra 115000.00    
02/05/2025 343 76 QT 260 A512m 200015762 11/12/2025 2a.Ed. Ej.2 03/02/2013 Libro   NLM     Libro   Quinta de Mutis Quinta de Mutis 1er piso 30/09/2008 Compra 117000.00    
03/04/2019 33   QT 260 A512m 200013421 06/02/2026 2a.Ed. Ej.1 03/02/2013 Libro de reserva   NLM     Libro de reserva   Quinta de Mutis Quinta de Mutis 1er piso 30/09/2006 Compra 92000.00    
23/10/2024 255 49 QT 260 A512m 200000356 25/02/2026   Ej.1 03/02/2013 Libro   NLM     Libro   Quinta de Mutis Quinta de Mutis 1er piso 28/02/2003 Compra 63000.00    
23/10/2024 339 42 QT 260 A512m 200010111 11/12/2025   Ej.2 03/02/2013 Libro   NLM     Libro   Quinta de Mutis Quinta de Mutis 1er piso 28/02/2004 Compra 95000.00    
28/01/2026 105 91 QT 260 A512m 200028211 11/02/2026 2a.Ed. Ej.5 15/01/2015 Libro   NLM     Libro   Quinta de Mutis Quinta de Mutis 1er piso 15/01/2015 Compra 102370.00 98382.00 15